[Event "SVK-chT2D 10/11"]
[Site "Slovakia"]
[Date "2010.12.04"]
[Round "3.5"]
[White "Skovran, Jaroslav"]
[Black "Marcin, Marian"]
[Result "1-0"]
[WhiteElo "2034"]
[BlackElo "1942"]
[PlyCount "97"]
[EventDate "2010.10.23"]
[EventType "team-tourn"]
[EventRounds "11"]
[EventCountry "SVK"]
[SourceTitle "EXT 2019"]
[Source "ChessBase"]
[SourceDate "2018.10.10"]
[SourceVersion "1"]
[SourceVersionDate "2018.10.10"]
[SourceQuality "1"]
[WhiteTeam "Sabinov II"]
[BlackTeam "Velke Kapusany"]
[WhiteTeamCountry "SVK"]
[BlackTeamCountry "SVK"]

1. e4 c5 2. Nf3 Nc6 3. d4 cxd4 4. Nxd4 Nf6 5. Nc3 e5 6. Ndb5 d6 7. Bg5 a6 8. Na3 b5 9. Nd5 Be7 10. Nxe7 Nxe7 11. Bxf6 gxf6 12. c4 Qa5+ 13. Qd2 Qxd2+ 14. Kxd2 b4 15. Nc2 a5 16. Ne3 h5 17. Bd3 Rg8 18. g3 Bb7 19. Rhf1 Rc8 20. Rac1 Rc5 21. f3 Kd7 22. a3 b3 23. f4 a4 24. f5 Ba6 25. Rg1 Rgc8 26. Be2 Rh8 27. Rc3 Bb7 28. Bd3 Nc8 29. Nd5 Bxd5 30. cxd5 Nb6 31. Rgc1 Rhc8 32. Rxc5 dxc5 33. Ba6 Rc7 34. Be2 c4 35. Bxh5 Kd6 36. h4 Kc5 37. Ke3 Nc8 38. Be2 Nd6 39. h5 Rc8 40. h6 Rh8 41. Bxc4 Nxc4+ 42. Kd3 Rxh6 43. Rxc4+ Kb5 44. Rb4+ Ka5 45. d6 Rh1 46. Kc4 Rc1+ 47. Kd5 Rc2 48. d7 Rd2+ 49. Kc6 1-0

[Event "SVK-chT2D 0910"]
[Site "Slovakia"]
[Date "2009.12.12"]
[Round "5.5"]
[White "Marcin, Marian"]
[Black "Ondo, Radoslav"]
[Result "0-1"]
[WhiteElo "1952"]
[BlackElo "2077"]
[PlyCount "76"]
[EventDate "2009.10.10"]
[EventType "team"]
[EventRounds "11"]
[EventCountry "SVK"]
[SourceTitle "EXT 2011"]
[Source "ChessBase"]
[SourceDate "2010.11.26"]
[SourceVersion "1"]
[SourceVersionDate "2010.11.26"]
[SourceQuality "1"]
[WhiteTeam "Velke Kapusany"]
[BlackTeam "Michalovce Zemplin II"]
[WhiteTeamCountry "SVK"]
[BlackTeamCountry "SVK"]

1. e4 e5 2. Nf3 Nc6 3. Bb5 a6 4. Ba4 Nf6 5. 0-0 Be7 6. Re1 b5 7. Bb3 0-0 8. c3 d5 9. exd5 Nxd5 10. Nxe5 Nxe5 11. Rxe5 c6 12. Bxd5 cxd5 13. Qf3 Bd6 14. Re1 Qh4 15. g3 Qh3 16. d4 Bg4 17. Qxd5 Rad8 18. Qg2 Qh5 19. f4 Bf3 20. Qf2 Bc6 21. h4 f6 22. Na3 g5 23. Qe2 Bf3 24. Qe6+ Kh8 25. Qh3 Rg8 26. Qf5 Rdf8 27. Kf2 Bg4 28. Qd5 Rd8 29. Qh1 Qg6 30. Qe4 Qf7 31. Qh1 b4 32. Nc2 bxc3 33. bxc3 Qc7 34. Bd2 gxf4 35. Rab1 fxg3+ 36. Kg2 Bf5 37. Rb2 Qc6+ 38. Kg1 g2 0-1

[Event "SVK-chT2D 0809"]
[Site "Slovakia"]
[Date "2008.12.07"]
[Round "6.5"]
[White "Marcin, Marian"]
[Black "Kontra, Miroslav"]
[Result "1/2-1/2"]
[WhiteElo "1958"]
[BlackElo "1814"]
[PlyCount "107"]
[EventDate "2008.10.11"]
[EventType "team-tourn"]
[EventRounds "11"]
[EventCountry "SVK"]
[SourceTitle "EXT 2010"]
[Source "ChessBase"]
[SourceDate "2010.11.25"]
[SourceVersion "1"]
[SourceVersionDate "2010.11.25"]
[SourceQuality "1"]
[WhiteTeam "Velke Kapusany Energetik"]
[BlackTeam "Michalovce Zemplin II"]
[WhiteTeamCountry "SVK"]
[BlackTeamCountry "SVK"]

1. e4 e5 2. Nf3 Nc6 3. Bb5 a6 4. Ba4 d6 5. h3 Nf6 6. d3 Be7 7. 0-0 0-0 8. c3 b5 9. Bc2 Na5 10. d4 exd4 11. cxd4 c5 12. dxc5 dxc5 13. Qe2 Be6 14. Rd1 Qc7 15. e5 Bc4 16. Qe3 Nd5 17. Qe1 Nb4 18. Be4 Rad8 19. Bd2 Nac6 20. Na3 Nd3 21. Bxd3 Bxd3 22. Rac1 c4 23. Nc2 Rfe8 24. Nb4 Bxb4 25. Bxb4 Nxe5 26. Nxe5 Rxe5 27. Qc3 Qb8 28. Qa3 Re6 29. Re1 Rg6 30. Re3 Qb7 31. g3 Qd7 32. Rce1 h6 33. Ba5 Rc8 34. Kh2 Kh7 35. Rf3 Qd5 36. Rf4 f5 37. Qe7 Be4 38. Bc3 Rg8 39. Qe5 Qxe5 40. Bxe5 Re6 41. Bc3 Rge8 42. g4 fxg4 43. Rxg4 Bg6 44. Reg1 Rf8 45. R1g2 Rf7 46. h4 Rf5 47. Rd4 Rh5 48. Rd7 Rhe5 49. Bxe5 Rxe5 50. Rd6 Be4 51. Rg4 Bf5 52. Rgd4 Re2 53. Rd2 Re4 54. R6d4 1/2-1/2

[Event "SVK-chT2D 0708"]
[Site "Slovakia"]
[Date "2008.03.12"]
[Round "11.6"]
[White "Marcin, Marian"]
[Black "Sromovsky, Jozef"]
[Result "0-1"]
[WhiteElo "1972"]
[BlackElo "1972"]
[PlyCount "46"]
[EventDate "2007.10.06"]
[EventType "team-tourn"]
[EventRounds "11"]
[EventCountry "SVK"]
[SourceTitle "EXT 2010"]
[Source "ChessBase"]
[SourceDate "2010.11.25"]
[SourceVersion "1"]
[SourceVersionDate "2010.11.25"]
[SourceQuality "1"]
[WhiteTeam "Velke Kapusany Energetik"]
[BlackTeam "Kezmarok KdV II"]
[WhiteTeamCountry "SVK"]
[BlackTeamCountry "SVK"]

1. e4 c5 2. Nf3 e6 3. c4 Qc7 4. Na3 a6 5. d4 cxd4 6. Nxd4 Nf6 7. Be3 b6 8. Bd3 Bb7 9. 0-0 Nc6 10. f4 Nxd4 11. Bxd4 Bc5 12. Bxc5 Qxc5+ 13. Kh1 d6 14. Qe2 0-0 15. e5 Nd7 16. Rae1 Rae8 17. Qh5 g6 18. Qg5 f5 19. exf6 Rxf6 20. Qh4 Qd4 21. Be4 Bc8 22. Bc6 Ref8 23. Be4 Rf5 0-1

[Event "SVK-chT2D 0708"]
[Site "Slovakia"]
[Date "2008.03.08"]
[Round "10.5"]
[White "Kopnicky, Vladimir"]
[Black "Marcin, Marian"]
[Result "1-0"]
[WhiteElo "2116"]
[BlackElo "1972"]
[PlyCount "115"]
[EventDate "2007.10.06"]
[EventType "team-tourn"]
[EventRounds "11"]
[EventCountry "SVK"]
[SourceTitle "EXT 2010"]
[Source "ChessBase"]
[SourceDate "2010.11.25"]
[SourceVersion "1"]
[SourceVersionDate "2010.11.25"]
[SourceQuality "1"]
[WhiteTeam "Svit SO"]
[BlackTeam "Velke Kapusany Energetik"]
[WhiteTeamCountry "SVK"]
[BlackTeamCountry "SVK"]

1. d4 Nf6 2. Nf3 g6 3. g3 Bg7 4. Bg2 0-0 5. c4 d5 6. cxd5 Nxd5 7. 0-0 Nd7 8. e4 N5b6 9. Nc3 e5 10. Bg5 f6 11. Be3 c6 12. a4 Kh8 13. Qb3 Rb8 14. a5 Na8 15. dxe5 b6 16. exf6 Bxf6 17. axb6 axb6 18. Rfd1 Qe7 19. Ra7 Bb7 20. Bf4 Nc5 21. Qc2 Rbd8 22. e5 Rxd1+ 23. Nxd1 Bg7 24. Nd4 Qe8 25. b4 Qb8 26. Ra3 Na6 27. Nxc6 Bxc6 28. Qxc6 Rc8 29. Qe4 N6c7 30. e6 Re8 31. e7 Qc8 32. Ne3 Qd7 33. Bg5 Qb5 34. Qh4 Qe5 35. Bc6 Qb2 36. Nc4 Qb1+ 37. Kg2 Rb8 38. Bf6 Qxb4 39. e8Q+ Nxe8 40. Bxg7+ Kxg7 41. Rxa8 Rxa8 42. Bxa8 b5 43. Qd4+ Nf6 44. Qa7+ Kh6 45. Qe3+ Kg7 46. Ne5 Qa5 47. Bf3 b4 48. Qd4 Qa3 49. Ng4 Qc3 50. Qxf6+ Qxf6 51. Nxf6 Kxf6 52. Bd1 Ke5 53. Kf3 Kd4 54. Kg4 Kd3 55. f4 Ke3 56. Kg5 Kf2 57. g4 Kg2 58. f5 1-0

[Event "SVK-chT2D 0506"]
[Site "Slovakia"]
[Date "2005.12.17"]
[Round "5.4"]
[White "Marcin, Marian"]
[Black "Hujo, Jozef"]
[Result "1-0"]
[WhiteElo "2016"]
[BlackElo "2093"]
[PlyCount "101"]
[EventDate "2005.10.22"]
[EventType "tourn"]
[EventRounds "11"]
[EventCountry "SVK"]
[SourceTitle "EXT 2009"]
[Source "ChessBase"]
[SourceDate "2008.11.26"]
[SourceVersion "1"]
[SourceVersionDate "2008.11.26"]
[SourceQuality "1"]

1. e4 e6 2. d4 d5 3. Nd2 Nf6 4. e5 Nfd7 5. Bd3 c5 6. c3 Nc6 7. Ne2 cxd4 8. cxd4 f6 9. Nf4 Nxd4 10. Qh5+ Ke7 11. Ng6+ hxg6 12. exf6+ Nxf6 13. Qxh8 e5 14. Bxg6 Qa5 15. 0-0 Ne2+ 16. Kh1 Nxc1 17. Nf3 Nxa2 18. Nxe5 Be6 19. Rfe1 Rc8 20. Bf5 Qxe1+ 21. Rxe1 Bxf5 22. Qh4 b5 23. Qf4 Be6 24. Qd4 Rc7 25. Ng6+ Kf7 26. Nxf8 Kxf8 27. Qe5 Re7 28. Qb8+ Kf7 29. Qxb5 Ne4 30. Kg1 g5 31. f3 Nf6 32. Qa4 d4 33. Qxd4 Rd7 34. Qa4 Rc7 35. Qa5 Rd7 36. Qxg5 Nb4 37. Qe5 Re7 38. Qd6 Nbd5 39. Ra1 Bf5 40. g4 Bd3 41. g5 Rd7 42. Qc6 Rc7 43. Qa8 Nb6 44. Qb8 Nfd5 45. Rxa7 Rxa7 46. Qxa7+ Kg6 47. h4 Kh5 48. Qg7 Kxh4 49. Kf2 Nf4 50. Qh6+ Nh5 51. Qxb6 1-0